000 00570nam#a22002295a#4500
001 2923
245 1 4 _aEl viento que arrasa /
_cSelva Almada.
250 _a3ยช ed.
260 _aCABA :
_bLiteratura Random House,
_c2022.
300 _a160 p. ;
_c23 cm.
020 _a9789877691382
100 1 _aAlmada, Selva.
080 _a82-31
084 _aA31
653 _aLiteratura argentina
653 _aNarrativa argentina
040 _aAR-ClEAG
_cAR-ClEAG
008 220531s2022####ag#####g######001#f#spa#d
005 20241107184806.0
003 AR-ClEAG
942 _cBK
999 _c2923
_d2923
980 _62
_aEvangelina Gallicchio
_82
_gEvangelina Gallicchio